000 00367pam a2200145 a 4500
020 _a9780323068499
_c
041 _h
082 _a616.1
_bMON
100 _aMONETA G.L., GILLESPIE D.L., STARNES B.
245 _aYEAR BOOK OF VASCULAR SURGERY
_hTextual Documents
260 _bMOSBY, ELS
_c2010
300 _a366:
_bXIV;
_cHB.
930 _a4864
999 _c799392
_d799392
650 _aCARDIOLOGY